| 000 | 00854nam a2200181Ia 4500 | ||
|---|---|---|---|
| 008 | 151202s9999||||xx |||||||||||||| ||und|| | ||
| 082 | _bPNVM-45427 | ||
| 100 | _aइंगळे व.न. | ||
| 245 | _aझेप अवकाशी अग्निपक्ष्याची(डॉ.अब्दुल कलाम जीवनगाथा). | ||
| 260 | _bसाकेत प्रकाशन पुणे. | ||
| 260 | _c2004 | ||
| 300 | _a315 | ||
| 600 | _aइंगळे व.न. | ||
| 630 | _aझेप अवकाशी अग्निपक्ष्याची(डॉ.अब्दुल कलाम जीवनगाथा). | ||
| 700 | _aइंगळे व.न. | ||
| 730 | _aझेप अवकाशी अग्निपक्ष्याची(डॉ.अब्दुल कलाम जीवनगाथा). | ||
| 942 | _cBOOK | ||
| 999 |
_c1311378 _d1311375 |
||